000 00964nam a2200253 a 4500
001 BRCA_3767
005 20190320204421.0
008 221009s1989----mx-a---###---#000-0#spa-#
020 _a9681632435
041 _aspa
044 _amx
050 4 _aPQ7297.R4
_b.G89 1989
100 1 _aGuzmán Urbiola, Xavier
_95953
245 1 0 _aAlfonso Reyes
_bIconografía
_cinvestigación iconográfica, documental y selección de textos Xavier Guzmán Urbiola, Héctor Perea y Alba C. de Rojo.
260 _aMéxico
_bFCE : El Colegio Nacional : El Colegio de México
_c1989
300 _a198 p.
_bil. (algunas a color)
_c28 cm.
500 _aIncluye índice de personajes identificados en las fotografías
504 _aBibliografía: p. 195
600 1 4 _aReyes, Alfonso
_d1889-1959
_xTrabajos Ilustrados
_99818
650 1 4 _aAutores mexicanos
_xTrabajos Ilustrados
_ySiglo XX
_99819
700 1 _aPerea, Héctor
_99820
700 1 _aRojo, Alba C. de
_99821
942 _2lcc
_cB
999 _c3496
_d3496